The Art Quarterly (Record no. 4771)

MARC details
000 -CABECERA
campo de control de longitud fija 00945nam a2200277 a 4500
001 - NÚMERO DE CONTROL
campo de control BRCA_5077
005 - FECHA Y HORA DE LA ÚLTIMA TRANSACCIÓN
campo de control 20190320204929.0
008 - DATOS DE LONGITUD FIJA--INFORMACIÓN GENERAL
campo de control de longitud fija 101110s1954----u--a######---#000-0#eng-#
041 ## - CÓDIGO DE LENGUA
Código de lengua del texto/banda sonora o título independiente eng
044 ## - CÓDIGO DEL PAÍS DE LA ENTIDAD EDITORA/PRODUCTORA
Código MARC del país u
050 #4 - SIGNATURA TOPOGRÁFICA DE LA BIBLIOTECA DEL CONGRESO
Número de clasificación ND623
Número de documento/Ítem .A78 2
-- 1954
245 10 - MENCIÓN DE TÍTULO
Título The Art Quarterly
Mención de responsabilidad, etc. edited by W. R. Valentiner and E. P. Richardson ; associate editor Paul L. Grigaut.
260 ## - PUBLICACIÓN, DISTRIBUCIÓN, ETC.
Lugar de publicación, distribución, etc. Detroit, Michigan
Nombre del editor, distribuidor, etc. The Detroit Institute of Arts
Fecha de publicación, distribución, etc. 1954
300 ## - DESCRIPCIÓN FÍSICA
Extensión 96 p.
Otras características físicas il.
Dimensiones 28 cm.
500 ## - NOTA GENERAL
Nota general Vol. XVII, Núm. 1, primavera, 1954
500 ## - NOTA GENERAL
Nota general Incluye recientes adquisiciones de importantes colecciones americanas
500 ## - NOTA GENERAL
Nota general Revista inventariada por Banco de México como libro
500 ## - NOTA GENERAL
Nota general Ejemplar igual a D110
500 ## - NOTA GENERAL
Nota general D110A
650 14 - PUNTO DE ACCESO ADICIONAL DE MATERIA--TÉRMINO DE MATERIA
Término de materia o nombre geográfico como elemento de entrada Pintores italianos
9 (RLIN) 7654
700 1# - PUNTO DE ACCESO ADICIONAL--NOMBRE DE PERSONA
Nombre de persona Valentiner, W. R.
Término indicativo de función/relación Editor
9 (RLIN) 12945
700 1# - PUNTO DE ACCESO ADICIONAL--NOMBRE DE PERSONA
Nombre de persona Richardson, E. P.
Término indicativo de función/relación Editor
9 (RLIN) 12946
700 1# - PUNTO DE ACCESO ADICIONAL--NOMBRE DE PERSONA
Nombre de persona Grigaut, Paul L.
9 (RLIN) 12947
902 ## - CATALOGADOR
Iniciales GFM
942 ## - ELEMENTOS DE PUNTO DE ACCESO ADICIONAL (KOHA)
Fuente del sistema de clasificación o colocación Library of Congress Classification
Tipo de ítem Koha Libros
Holdings
Estado de retiro Estado de pérdida Estado dañado No para préstamo Localización permanente Ubicación/localización actual Fecha de adquisición Número de inventario Total de préstamos Signatura topográfica completa Código de barras Fecha visto por última vez Precio válido a partir de Tipo de ítem Koha
El ejemplar forma parte de la colección y puede ser consultado según las políticas vigentes.       Biblioteca del Museo Franz Mayer (Rogerio Casas-Alatriste) Biblioteca del Museo Franz Mayer (Rogerio Casas-Alatriste) 10/11/2010 D110A   ND623 .A78 2 1954 (D110A) 5192 22/03/2019 22/03/2019 Libros